O tvář zítřka Rok devadesátý

Gespeichert in:
Bibliographische Detailangaben
1. Verfasser: Klaus, Václav
Format: Buch
Sprache:Tschechisch
Veröffentlicht: Praha Pražská Imaginace 1991
Ausgabe:1. vyd.
Schlagworte:
Tags: Tag hinzufügen
Keine Tags, Fügen Sie das erste Tag hinzu!

MARC

LEADER 00000nam a2200000 4500
001 c000908
005 20221214094355.0
020 |a 80-7110-035-8 
041 0 |a cze 
044 |a CZ 
245 1 0 |a O tvář zítřka  |b Rok devadesátý  |c Václav Klaus 
250 |a 1. vyd. 
264 1 |a Praha  |b Pražská Imaginace  |c 1991 
300 |a 210 s. 
610 2 0 |a ekonómia 
610 2 0 |a teórie ekonomické 
610 2 0 |a politika 
610 2 0 |a reformy hospodárske 
610 2 0 |a ceny 
610 2 0 |a zmeny štruktúrne 
610 2 0 |a hospodárstvo národné 
610 2 0 |a 1990 
610 2 0 |a ČSFR 
610 2 0 |a dane 
610 2 0 |a vzťahy hospodárske medzinárodné 
610 2 0 |a peniaze 
610 2 0 |a vývoj hospodársky 
610 2 0 |a Klaus, V. 
100 1 |a Klaus, Václav